000 00947nas a2200253 a 4500
999 _c451924
_d451924
003 BLK
005 20250417175150.0
008 220404b bu |||||r|||| 00| 0 bu d
020 _a9772612121039
022 _a2612-1212
040 _aBLK
041 _aBUL
_cBUL
080 _aЛитература на отделни езици и езикови семейства
_b821
_z821-93-94
139 _aДок Макплюшинс и Маймунката за балончета
_bД 72
245 _aДок Макплюшинс и Маймунката за балончета
260 _9210229
_aMilano
_bHachette
_c2021
300 _a[28] с.
_bс цв. ил.
_c21 см
380 _aDX
490 _9443207
_aЗлатна колекция вълшебни приказки
_v№ 127
_x2612-1212
852 _a821-93/Д 72
_bД
942 _cCPU
_n0
_s1
_015
944 _aCR
_c2022-04-04
_k30537
_lГрета Цуфелде
999 _d451922